000 00295nam a2200121Ia 4500
008 240112s1966-67 xx 000 0 und d
041 _aeng
082 _a616.3403
100 _aSCHWARTZ T.
245 _aTHE YEAR BOOK OF ENDOCRINOLOGY
260 _bTHE Y/B PUB
_c1966-67
300 _a396,HB
999 _c1142312
_d1142312